[Event "Medellin Raza op"]
[Site "Medellin"]
[Date "2021.10.09"]
[Round "7"]
[White "Molina Ballesteros, Juan Sebastian"]
[Black "Barrera Hincapie, Felipe"]
[Result "1-0"]
[WhiteElo "1613"]
[BlackElo "1945"]
[PlyCount "69"]
[EventDate "2021.10.06"]
[EventType "swiss"]
[EventRounds "9"]
[EventCountry "COL"]
[SourceTitle "EXT 2023"]
[Source "ChessBase"]
[SourceDate "2022.10.05"]
[SourceVersion "1"]
[SourceVersionDate "2022.10.05"]
[SourceQuality "1"]

1. e4 c5 2. Nf3 Nc6 3. d4 cxd4 4. Nxd4 g6 5. Nc3 Bg7 6. Be3 Nf6 7. Bc4 0-0 8. 0-0 Ne5 9. Be2 d6 10. h3 Nc6 11. Qd2 Bd7 12. f4 Nxd4 13. Bxd4 Bc6 14. Bf3 Qa5 15. Be3 Rfd8 16. f5 d5 17. exd5 Nxd5 18. Nxd5 Qxd2 19. Nxe7+ Kf8 20. Bxd2 Bxf3 21. Bb4 Bd4+ 22. Kh1 Be4 23. fxg6 hxg6 24. Nc6+ Ke8 25. Nxd8 Rxd8 26. c3 Bb6 27. Rad1 Rc8 28. Rd6 f5 29. Rxg6 Kf7 30. Rg4 Ke6 31. Rg7 Rh8 32. Re7+ Kd5 33. Rd1+ Kc6 34. Rd6+ Kb5 35. Re5+ 1-0

[Event "Medellin Raza op"]
[Site "Medellin"]
[Date "2021.10.08"]
[Round "5"]
[White "Zapata Cuartas, Juan Carlos"]
[Black "Barrera Hincapie, Felipe"]
[Result "1-0"]
[WhiteElo "2093"]
[BlackElo "1945"]
[PlyCount "43"]
[EventDate "2021.10.06"]
[EventType "swiss"]
[EventRounds "9"]
[EventCountry "COL"]
[SourceTitle "EXT 2023"]
[Source "ChessBase"]
[SourceDate "2022.10.05"]
[SourceVersion "1"]
[SourceVersionDate "2022.10.05"]
[SourceQuality "1"]

1. d4 d5 2. c4 c6 3. cxd5 cxd5 4. Nc3 Nf6 5. Bf4 Nc6 6. e3 Bg4 7. f3 Bh5 8. Bd3 a6 9. Nge2 Bg6 10. 0-0 e6 11. Rc1 Rc8 12. Bg3 Be7 13. Nf4 b5 14. Nxg6 hxg6 15. Nxb5 axb5 16. Bxb5 Qb6 17. Qa4 Kd7 18. Rc3 Ke8 19. Rfc1 Kf8 20. Rxc6 Rxc6 21. Rxc6 Qb7 22. Rc7 1-0

[Event "COL-ch sf1"]
[Site "Medellin"]
[Date "2019.04.18"]
[Round "4"]
[White "Zapata, Olga Maria"]
[Black "Barrera Hincapie, Felipe"]
[Result "1/2-1/2"]
[WhiteElo "1686"]
[BlackElo "1945"]
[PlyCount "22"]
[EventDate "2019.04.16"]
[EventType "swiss"]
[EventRounds "10"]
[EventCountry "COL"]
[SourceTitle "CBM 190 Extra"]
[Source "ChessBase"]
[SourceDate "2019.07.15"]
[SourceVersion "1"]
[SourceVersionDate "2019.07.15"]
[SourceQuality "1"]

1. d4 d5 2. c4 c6 3. cxd5 cxd5 4. Nf3 Nc6 5. Nc3 e6 6. Bf4 a6 7. e3 Nf6 8. h3 Bb4 9. Bd3 0-0 10. 0-0 b6 11. Rc1 Bb7 1/2-1/2

[Event "COL-ch U20"]
[Site "Medellin"]
[Date "2019.03.16"]
[Round "6"]
[White "Avila Pavas, Santiago"]
[Black "Barrera Hincapie, Felipe"]
[Result "1-0"]
[WhiteElo "2294"]
[BlackElo "1935"]
[PlyCount "69"]
[EventDate "2019.03.13"]
[EventType "swiss"]
[EventRounds "7"]
[EventCountry "COL"]
[SourceTitle "CBM 189 Extra"]
[Source "ChessBase"]
[SourceDate "2019.06.03"]
[SourceVersion "1"]
[SourceVersionDate "2019.06.03"]
[SourceQuality "1"]

1. d4 Nf6 2. Nf3 d5 3. Bg5 e6 4. e3 c5 5. c3 Nc6 6. Nbd2 Be7 7. Bd3 b6 8. 0-0 0-0 9. Qe2 Bb7 10. h3 Qc7 11. a4 a6 12. Rac1 c4 13. Bc2 b5 14. e4 dxe4 15. Nxe4 Nxe4 16. Qxe4 g6 17. Qh4 f6 18. Bh6 Rf7 19. Rfe1 Nd8 20. Nd2 Bd5 21. Nf1 Nb7 22. Ne3 Qd7 23. Nxd5 exd5 24. Qg3 Bd6 25. Qf3 b4 26. b3 Na5 27. bxc4 Nxc4 28. Kh1 Be7 29. Bb3 Rc8 30. cxb4 Bxb4 31. Re2 Re7 32. Rec2 Qe6 33. Bxc4 dxc4 34. d5 Qe4 35. Qxf6 1-0

[Event "COL-ch U20"]
[Site "Medellin"]
[Date "2019.03.14"]
[Round "2"]
[White "Florez, Santiago"]
[Black "Barrera Hincapie, Felipe"]
[Result "0-1"]
[WhiteElo "1667"]
[BlackElo "1935"]
[PlyCount "68"]
[EventDate "2019.03.13"]
[EventType "swiss"]
[EventRounds "7"]
[EventCountry "COL"]
[SourceTitle "CBM 189 Extra"]
[Source "ChessBase"]
[SourceDate "2019.06.03"]
[SourceVersion "1"]
[SourceVersionDate "2019.06.03"]
[SourceQuality "1"]

1. d4 Nf6 2. Nf3 e6 3. Bf4 c5 4. e3 Qb6 5. Qc1 cxd4 6. exd4 Nc6 7. c3 Be7 8. Bd3 d6 9. 0-0 Bd7 10. Nbd2 Rc8 11. Nc4 Qc7 12. h3 b5 13. Ncd2 Na5 14. Qd1 Nc4 15. Rb1 Qa5 16. a3 0-0 17. Qe2 Bc6 18. Nxc4 bxc4 19. Bxc4 Bxf3 20. gxf3 Qf5 21. Bg3 Qxh3 22. Rfe1 Nh5 23. Qf1 Qf5 24. Be2 Qg5 25. Qg2 f5 26. Ba6 Rc7 27. Rxe6 f4 28. Bh2 Qd5 29. Rbe1 Rf5 30. Kf1 Kf8 31. Bd3 Rg5 32. Qh3 Ng3+ 33. Bxg3 fxg3 34. R6e4 Qf7 0-1

[Event "COL-ch U20"]
[Site "Medellin"]
[Date "2019.03.14"]
[Round "3"]
[White "Torres Cueto, Jesus Marcial"]
[Black "Barrera Hincapie, Felipe"]
[Result "1-0"]
[WhiteElo "2214"]
[BlackElo "1935"]
[PlyCount "85"]
[EventDate "2019.03.13"]
[EventType "swiss"]
[EventRounds "7"]
[EventCountry "COL"]
[SourceTitle "CBM 189 Extra"]
[Source "ChessBase"]
[SourceDate "2019.06.03"]
[SourceVersion "1"]
[SourceVersionDate "2019.06.03"]
[SourceQuality "1"]

1. d4 d5 2. c4 c6 3. Nc3 Nf6 4. Bg5 e6 5. e3 Nbd7 6. cxd5 exd5 7. Bd3 Be7 8. Nge2 Nf8 9. Qc2 Ne6 10. Bh4 h6 11. f3 Bd7 12. Rc1 Qb6 13. a3 a5 14. Bf2 Rc8 15. h3 Bd6 16. e4 Bf4 17. Rd1 h5 18. g3 Bh6 19. e5 Ng8 20. f4 h4 21. Na4 Qa7 22. Nc5 hxg3 23. Bxg3 Nxc5 24. dxc5 b6 25. Bf2 b5 26. f5 Rc7 27. Nd4 Bf4 28. Qe2 Kd8 29. Rg1 Bh6 30. e6 fxe6 31. fxe6 Be8 32. Qe5 Ne7 33. Nf5 Nxf5 34. Bxf5 Kc8 35. e7+ Kb8 36. Bg3 Bh5 37. Qd6 Bg5 38. Be5 Bh4+ 39. Kd2 Bf6 40. Bxf6 gxf6 41. Qd8+ Kb7 42. Qxh8 Rxe7 43. Qc8# 1-0

[Event "Medellin Aristizabal Cup"]
[Site "Medellin"]
[Date "2019.01.26"]
[Round "6"]
[White "Barrera Hincapie, Felipe"]
[Black "Lopez Guarin, Simon"]
[Result "1-0"]
[WhiteElo "1960"]
[BlackElo "1549"]
[PlyCount "29"]
[EventDate "2019.01.24"]
[EventType "swiss"]
[EventRounds "7"]
[EventCountry "COL"]
[SourceTitle "EXT 2020"]
[Source "ChessBase"]
[SourceDate "2019.10.17"]
[SourceVersion "1"]
[SourceVersionDate "2019.10.17"]
[SourceQuality "1"]

1. d4 Nf6 2. Bg5 e6 3. e4 Be7 4. Nc3 c6 5. e5 Nd5 6. Bxe7 Nxe7 7. Bd3 d5 8. Nh3 Qb6 9. Ne2 Qxb2 10. 0-0 Nd7 11. a4 Qb6 12. a5 Qc7 13. Ng3 h6 14. Qg4 Rg8 15. Bh7 1-0

[Event "Medellin Aristizabal Cup"]
[Site "Medellin"]
[Date "2019.01.24"]
[Round "2"]
[White "Suaza Builes, Oscar A"]
[Black "Barrera Hincapie, Felipe"]
[Result "0-1"]
[WhiteElo "1538"]
[BlackElo "1960"]
[PlyCount "58"]
[EventDate "2019.01.24"]
[EventType "swiss"]
[EventRounds "7"]
[EventCountry "COL"]
[SourceTitle "EXT 2020"]
[Source "ChessBase"]
[SourceDate "2019.10.17"]
[SourceVersion "1"]
[SourceVersionDate "2019.10.17"]
[SourceQuality "1"]

1. d4 Nf6 2. Nc3 d5 3. Nf3 Bf5 4. Bf4 a6 5. e3 e6 6. Bd3 Bg6 7. 0-0 c5 8. Re1 Nc6 9. a3 Be7 10. Rc1 Bh5 11. Be2 0-0 12. Kh1 Rc8 13. Ne5 Bxe2 14. Nxe2 Ne4 15. Rf1 Nxe5 16. Bxe5 cxd4 17. exd4 Bg5 18. Ra1 Qb6 19. b3 Qc6 20. Ra2 f6 21. Bg3 Qb5 22. f3 Nc3 23. Nxc3 Rxc3 24. Re1 Rfc8 25. Bf2 Qb6 26. Qe2 Kf7 27. g3 R3c6 28. f4 Bh6 29. Kg2 g6 0-1

[Event "Medellin Luces Cup"]
[Site "Medellin"]
[Date "2017.12.20"]
[Round "5"]
[White "Barrera Hincapie, Felipe"]
[Black "Mesa, Francisco Sr"]
[Result "1-0"]
[WhiteElo "1928"]
[BlackElo "1545"]
[PlyCount "87"]
[EventDate "2017.12.18"]
[EventType "swiss"]
[EventRounds "7"]
[EventCountry "COL"]
[SourceTitle "CBM 182 Extra"]
[Source "ChessBase"]
[SourceDate "2018.02.23"]
[SourceVersion "1"]
[SourceVersionDate "2018.02.23"]
[SourceQuality "1"]

1. d4 d5 2. c4 c6 3. Nc3 Nf6 4. e3 e6 5. Nf3 Bb4 6. Bd2 b6 7. Qc2 0-0 8. Bd3 dxc4 9. Bxc4 Ba6 10. Bxa6 Nxa6 11. 0-0 Nc7 12. Ne5 Qe8 13. Ne4 Ncd5 14. Nxf6+ gxf6 15. Nf3 Bxd2 16. Qxd2 Kh8 17. e4 Ne7 18. Qf4 Kg7 19. h4 Ng6 20. Qg4 h5 21. Qxh5 Rh8 22. Qg4 Qg8 23. Rac1 Qh7 24. Rxc6 f5 25. exf5 exf5 26. Qxf5 Nxh4 27. Qf6+ Kg8 28. Nxh4 Qxh4 29. Qxh4 Rxh4 30. Rd1 Kg7 31. f3 Rd8 32. d5 Rd7 33. Rc3 Rh5 34. Rcd3 Rd6 35. Kf2 Re5 36. f4 Rf5 37. Kf3 Rh5 38. g4 Rh2 39. R1d2 Rh3+ 40. Ke4 Rxd3 41. Rxd3 f6 42. Rc3 Rd7 43. Rc6 Re7+ 44. Re6 1-0

[Event "Medellin Luces Cup"]
[Site "Medellin"]
[Date "2017.12.19"]
[Round "3"]
[White "Barrera Hincapie, Felipe"]
[Black "Florez, Santiago"]
[Result "1-0"]
[WhiteElo "1928"]
[BlackElo "1549"]
[PlyCount "48"]
[EventDate "2017.12.18"]
[EventType "swiss"]
[EventRounds "7"]
[EventCountry "COL"]
[SourceTitle "CBM 182 Extra"]
[Source "ChessBase"]
[SourceDate "2018.02.23"]
[SourceVersion "1"]
[SourceVersionDate "2018.02.23"]
[SourceQuality "1"]

1. d4 d5 2. c4 e6 3. Nc3 Nf6 4. Nf3 Be7 5. e3 Nbd7 6. b3 a6 7. Bb2 0-0 8. Bd3 dxc4 9. bxc4 c5 10. Ne2 Qc7 11. 0-0 b6 12. e4 cxd4 13. Nfxd4 e5 14. Nf5 Nc5 15. Nxe7+ Qxe7 16. Nc3 Rd8 17. Nd5 Nxd5 18. cxd5 Bb7 19. Rc1 Kh8 20. Ba3 Rac8 21. Qe2 a5 22. Bb5 Rd6 23. Rc3 Bxd5 24. exd5 Rxd5 1-0

[Event "Medellin Easter op 7th"]
[Site "Medellin"]
[Date "2017.04.13"]
[Round "3"]
[White "Barrera Hincapie, Felipe"]
[Black "Silva, Emmanuel Andres"]
[Result "0-1"]
[WhiteElo "1853"]
[BlackElo "2106"]
[PlyCount "70"]
[EventDate "2017.04.12"]
[EventType "swiss"]
[EventRounds "8"]
[EventCountry "COL"]
[SourceTitle "CBM 177 Extra"]
[Source "ChessBase"]
[SourceDate "2017.04.27"]
[SourceVersion "1"]
[SourceVersionDate "2017.04.27"]
[SourceQuality "1"]

1. d4 Nf6 2. Bg5 c5 3. d5 Qb6 4. Nc3 Qxb2 5. Bd2 Qb6 6. Rb1 Qd8 7. e4 d6 8. Nf3 g6 9. Bc4 Bg7 10. 0-0 0-0 11. a4 Nbd7 12. h3 a6 13. Qc1 Re8 14. Ne1 Ne5 15. Be2 e6 16. Bg5 Qa5 17. Bd2 Qc7 18. f4 Ned7 19. dxe6 fxe6 20. f5 Ne5 21. fxg6 hxg6 22. Bf4 Nf7 23. Bc4 Qc6 24. Bg5 Nh5 25. Nd5 Ne5 26. Ba2 Ng3 27. Rf2 Nxe4 28. Ne7+ Rxe7 29. Bxe7 Nxf2 30. Kxf2 Qxa4 31. Bb3 Qd4+ 32. Kf1 c4 33. c3 Qc5 34. Bc2 Qc7 35. Qg5 Nc6 0-1

[Event "Medellin Navideno op"]
[Site "Medellin"]
[Date "2016.12.20"]
[Round "7"]
[White "Barrera Hincapie, Felipe"]
[Black "Pena, Alcides"]
[Result "1-0"]
[WhiteElo "1841"]
[BlackElo "1776"]
[PlyCount "75"]
[EventDate "2016.12.16"]
[EventType "swiss"]
[EventRounds "7"]
[EventCountry "COL"]
[SourceTitle "CBM 176 Extra"]
[Source "ChessBase"]
[SourceDate "2017.03.02"]
[SourceVersion "1"]
[SourceVersionDate "2017.03.02"]
[SourceQuality "1"]

1. d4 d5 2. c4 e6 3. Nc3 Nf6 4. Bf4 Be7 5. e3 0-0 6. Nf3 b6 7. Rc1 c5 8. Bd3 Bb7 9. 0-0 Nbd7 10. cxd5 exd5 11. Qe2 Ne4 12. Rfd1 Qe8 13. Nb5 Rc8 14. Nd2 f5 15. f3 Nxd2 16. Qxd2 a6 17. Nd6 Bxd6 18. Bxd6 Rf6 19. Bg3 g6 20. Re1 Re6 21. e4 fxe4 22. fxe4 Nf6 23. exd5 Nxd5 24. dxc5 Rxc5 25. Rxc5 Rxe1+ 26. Bxe1 bxc5 27. Bc4 Qe4 28. b3 Kf8 29. Bg3 Qd4+ 30. Qf2+ Ke7 31. Qxd4 cxd4 32. Be5 Ne3 33. Bd3 Nxg2 34. Bxd4 Nf4 35. Bc4 Kd6 36. Kf2 Nd5 37. a3 h5 38. Kg3 1-0

[Event "Medellin Navideno op"]
[Site "Medellin"]
[Date "2016.12.17"]
[Round "2"]
[White "Varela, Maria de los Angele"]
[Black "Barrera Hincapie, Felipe"]
[Result "0-1"]
[WhiteElo "1723"]
[BlackElo "1841"]
[PlyCount "46"]
[EventDate "2016.12.16"]
[EventType "swiss"]
[EventRounds "7"]
[EventCountry "COL"]
[SourceTitle "CBM 176 Extra"]
[Source "ChessBase"]
[SourceDate "2017.03.02"]
[SourceVersion "1"]
[SourceVersionDate "2017.03.02"]
[SourceQuality "1"]

1. e4 c5 2. c3 Nf6 3. e5 Nd5 4. d4 cxd4 5. cxd4 Nc6 6. Nf3 d6 7. Be2 e6 8. 0-0 Be7 9. Nbd2 0-0 10. Ne4 Qc7 11. exd6 Bxd6 12. Nxd6 Qxd6 13. Bg5 Nce7 14. Ne5 f6 15. Nc4 Qc7 16. Be3 b5 17. Nd2 Nf5 18. Qb3 Bd7 19. Bf3 Qd6 20. a3 Nfxe3 21. fxe3 f5 22. e4 Nb6 23. exf5 Qxd4+ 0-1

[Event "Medellin Antioquia Cup"]
[Site "Medellin"]
[Date "2016.10.13"]
[Round "2"]
[White "Barrera Hincapie, Felipe"]
[Black "Caro Estrada, Esveny"]
[Result "1-0"]
[WhiteElo "1811"]
[BlackElo "1368"]
[PlyCount "35"]
[EventDate "2016.10.12"]
[EventType "swiss"]
[EventRounds "8"]
[EventCountry "COL"]
[SourceTitle "CBM 175 Extra"]
[Source "ChessBase"]
[SourceDate "2016.12.12"]
[SourceVersion "1"]
[SourceVersionDate "2016.12.12"]
[SourceQuality "1"]

1. d4 d5 2. c4 c6 3. Nc3 Nf6 4. Nf3 Bg4 5. cxd5 Nxd5 6. Qb3 b6 7. Ne5 Be6 8. Qc2 g6 9. a3 Bg7 10. e3 Bxe5 11. dxe5 Nxc3 12. Qxc3 Qc7 13. b3 Nd7 14. Bb2 0-0-0 15. Ba6+ Kb8 16. 0-0 Rhf8 17. b4 b5 18. a4 1-0

[Event "Medellin Flores op 23rd"]
[Site "Medellin"]
[Date "2016.08.07"]
[Round "9"]
[White "Barrera Hincapie, Felipe"]
[Black "Nieto Medina, Agustin"]
[Result "1-0"]
[WhiteElo "1743"]
[BlackElo "2052"]
[PlyCount "31"]
[EventDate "2016.08.03"]
[EventType "swiss"]
[EventRounds "9"]
[EventCountry "COL"]
[SourceTitle "CBM 173 Extra"]
[Source "ChessBase"]
[SourceDate "2016.08.29"]
[SourceVersion "1"]
[SourceVersionDate "2016.08.29"]
[SourceQuality "1"]

1. d4 Nf6 2. Bg5 Ne4 3. Bh4 g5 4. f3 gxh4 5. fxe4 c5 6. e3 Bg7 7. Nf3 Nc6 8. Bc4 e6 9. Nc3 Qb6 10. e5 cxd4 11. exd4 d5 12. Be2 Bd7 13. Rf1 Bh6 14. Nb5 Nxe5 15. Nxe5 Bxb5 16. Nxf7 1-0

[Event "Medellin Flores op 23rd"]
[Site "Medellin"]
[Date "2016.08.05"]
[Round "5"]
[White "Barrera Hincapie, Felipe"]
[Black "Henao Garcia, Estefania"]
[Result "1-0"]
[WhiteElo "1743"]
[BlackElo "1338"]
[PlyCount "59"]
[EventDate "2016.08.03"]
[EventType "swiss"]
[EventRounds "9"]
[EventCountry "COL"]
[SourceTitle "CBM 173 Extra"]
[Source "ChessBase"]
[SourceDate "2016.08.29"]
[SourceVersion "1"]
[SourceVersionDate "2016.08.29"]
[SourceQuality "1"]

1. d4 d5 2. c4 Nf6 3. Nc3 e6 4. Nf3 Nc6 5. Bf4 Bb4 6. e3 0-0 7. Rc1 Re8 8. Bd3 Nh5 9. Bg3 Nxg3 10. hxg3 h6 11. a3 Bxc3+ 12. Rxc3 e5 13. dxe5 Nxe5 14. cxd5 Bg4 15. Be2 Rc8 16. 0-0 Qd6 17. Nxe5 Bxe2 18. Qxe2 Rxe5 19. Qg4 Rce8 20. Rd1 Rxd5 21. Rxd5 Qxd5 22. Rxc7 Qb3 23. Qd7 Rb8 24. Qd4 a6 25. g4 b5 26. Ra7 Qe6 27. Qd7 Rb6 28. Ra8+ Kh7 29. Qd3+ g6 30. Qd8 1-0

[Event "Medellin Flores op 23rd"]
[Site "Medellin"]
[Date "2016.08.04"]
[Round "3"]
[White "Barrera Hincapie, Felipe"]
[Black "Medina Ocampo, Andres Felipe"]
[Result "0-1"]
[WhiteElo "1743"]
[BlackElo "1940"]
[PlyCount "66"]
[EventDate "2016.08.03"]
[EventType "swiss"]
[EventRounds "9"]
[EventCountry "COL"]
[SourceTitle "CBM 173 Extra"]
[Source "ChessBase"]
[SourceDate "2016.08.29"]
[SourceVersion "1"]
[SourceVersionDate "2016.08.29"]
[SourceQuality "1"]

1. d4 Nf6 2. Bg5 e6 3. e4 h6 4. Bxf6 Qxf6 5. Nf3 d6 6. c3 g6 7. Nbd2 Qe7 8. Bd3 Bg7 9. 0-0 0-0 10. Qe2 Nd7 11. e5 Rd8 12. Nc4 dxe5 13. Nfxe5 Nxe5 14. Nxe5 c5 15. dxc5 Bxe5 16. Qxe5 Rxd3 17. Rad1 Qd8 18. Qe2 Rxd1 19. Rxd1 Qc7 20. Qb5 Kf8 21. Qb4 Kg8 22. Qa4 Qe7 23. Rd6 e5 24. Qc4 Be6 25. Qd3 Rc8 26. b4 Qg5 27. h3 Bxa2 28. c6 Rxc6 29. Rd8+ Kg7 30. Qd7 Rxc3 31. g3 Qc1+ 32. Kg2 Rc7 33. Qe8 Qc6+ 0-1

[Event "COL-ch U20"]
[Site "Medellin"]
[Date "2016.03.18"]
[Round "5"]
[White "Barrera Hincapie, Felipe"]
[Black "Leon Acevedo, Juan Alejandro"]
[Result "1-0"]
[WhiteElo "1740"]
[BlackElo "1544"]
[PlyCount "81"]
[EventDate "2016.03.16"]
[EventType "swiss"]
[EventRounds "7"]
[EventCountry "COL"]
[SourceTitle "CBM 171 Extra"]
[Source "ChessBase"]
[SourceDate "2016.04.26"]
[SourceVersion "1"]
[SourceVersionDate "2016.04.26"]
[SourceQuality "1"]

1. d4 Nf6 2. Bg5 Ne4 3. Bh4 g5 4. f3 gxh4 5. fxe4 c5 6. e3 Bh6 7. Bc4 d5 8. exd5 Bxe3 9. dxc5 Qa5+ 10. Nc3 Qxc5 11. Qe2 Bxg1 12. 0-0-0 Qe3+ 13. Qxe3 Bxe3+ 14. Kb1 Rg8 15. Rhe1 Bf2 16. Rf1 Rxg2 17. Rd2 Rg1 18. Rdxf2 Rxf1+ 19. Rxf1 e6 20. Nb5 Na6 21. Nd6+ Ke7 22. Nxf7 exd5 23. Bxd5 Be6 24. Re1 Kxf7 25. Bxe6+ Kf6 26. Bd5 Nc5 27. b4 Na4 28. Bb3 Nb6 29. a4 Rd8 30. Kc1 Rd4 31. c3 Rd3 32. Kc2 Rh3 33. Re2 Kg5 34. a5 Na8 35. Bd5 Nc7 36. Bxb7 Nb5 37. Re5+ Kf4 38. Rxb5 Rxh2+ 39. Kb3 h3 40. Rh5 Rg2 41. Rxh3 1-0

[Event "Medellin Navideno op"]
[Site "Medellin"]
[Date "2015.12.12"]
[Round "4"]
[White "Barrera Hincapie, Felipe"]
[Black "Munoz Monroy, Cinthya Carolina"]
[Result "1/2-1/2"]
[WhiteElo "1709"]
[BlackElo "1952"]
[PlyCount "103"]
[EventDate "2015.12.10"]
[EventType "swiss"]
[EventRounds "7"]
[EventCountry "COL"]
[SourceTitle "CBM 169 Extra"]
[Source "ChessBase"]
[SourceDate "2015.12.18"]
[SourceVersion "1"]
[SourceVersionDate "2015.12.18"]
[SourceQuality "1"]

1. d4 Nf6 2. Bg5 Ne4 3. Bh4 c5 4. f3 Qa5+ 5. c3 Nf6 6. Bxf6 gxf6 7. Nd2 cxd4 8. Nb3 Qb6 9. Qxd4 Qxd4 10. Nxd4 a6 11. e3 e5 12. Nf5 d5 13. Bd3 Nc6 14. Ne2 Bd7 15. Rd1 0-0-0 16. Neg3 h5 17. h4 Kb8 18. Kf2 Bc5 19. b4 Bb6 20. b5 axb5 21. Bxb5 d4 22. cxd4 exd4 23. Bxc6 dxe3+ 24. Nxe3 Bxc6 25. Rhe1 Rde8 26. Ngf5 Re5 27. Nd4 Ba4 28. Nb3 f5 29. g3 Rc8 30. Rd6 Rc2+ 31. Nd2 Kc7 32. Rxb6 Rxd2+ 33. Kg1 Rxe3 34. Rxb7+ Kxb7 35. Rxe3 Kc7 36. Re7+ Rd7 37. Re5 Rd1+ 38. Kf2 Bd7 39. Re7 Ra1 40. Rxf7 Rxa2+ 41. Ke3 Kd6 42. Rh7 Ra3+ 43. Kf4 Bc6 44. Rh6+ Kc5 45. Rxh5 Rxf3+ 46. Ke5 Bd7 47. Rh7 Re3+ 48. Kf6 Kd6 49. Rg7 Rf3 50. h5 f4 51. gxf4 Rxf4+ 52. Kg5 1/2-1/2

[Event "Medellin Flores op 22nd"]
[Site "Medellin"]
[Date "2015.08.08"]
[Round "7"]
[White "Barrera Hincapie, Felipe"]
[Black "Soto, Christian Camilo"]
[Result "0-1"]
[WhiteElo "1625"]
[BlackElo "2076"]
[PlyCount "78"]
[EventDate "2015.08.05"]
[EventType "swiss"]
[EventRounds "9"]
[EventCountry "COL"]
[SourceTitle "EXT 2016"]
[Source "ChessBase"]
[SourceDate "2015.10.08"]
[SourceVersion "1"]
[SourceVersionDate "2015.10.08"]
[SourceQuality "1"]

1. d4 Nf6 2. Bg5 Ne4 3. Bh4 d5 4. f3 Nd6 5. Nd2 Bf5 6. c4 c6 7. Qb3 Qa5 8. cxd5 cxd5 9. e3 Nc6 10. Ne2 e6 11. a3 Nc4 12. Rd1 Bd6 13. e4 Bg6 14. Bf2 0-0 15. Nc3 Nxd2 16. Rxd2 Bf4 17. Re2 dxe4 18. fxe4 Rad8 19. g3 Bh6 20. Bg2 Nxd4 21. Bxd4 Rxd4 22. 0-0 b6 23. Nb5 Rd2 24. Rxd2 Qxd2 25. Nxa7 Qe2 26. Qf3 Qxb2 27. Nc6 Bg5 28. h4 Rc8 29. h5 Rxc6 30. hxg6 hxg6 31. Qxf7+ Kh7 32. Qf3 Qe5 33. Rd1 Rc3 34. Rd3 Rc2 35. g4 Bh4 36. Rd1 Bg3 37. Bf1 Rf2 38. Qh1+ Rh2 39. Qf3 Qc5+ 0-1

[Event "Medellin Flores op 22nd"]
[Site "Medellin"]
[Date "2015.08.07"]
[Round "4"]
[White "Zuleta, Juan Carlos"]
[Black "Barrera Hincapie, Felipe"]
[Result "0-1"]
[WhiteElo "1969"]
[BlackElo "1625"]
[PlyCount "83"]
[EventDate "2015.08.05"]
[EventType "swiss"]
[EventRounds "9"]
[EventCountry "COL"]
[SourceTitle "EXT 2016"]
[Source "ChessBase"]
[SourceDate "2015.10.08"]
[SourceVersion "1"]
[SourceVersionDate "2015.10.08"]
[SourceQuality "1"]

1. e4 c5 2. Nc3 Nc6 3. f4 g6 4. Nf3 Bg7 5. a4 a6 6. d3 e6 7. g3 Nge7 8. Bg2 d5 9. 0-0 0-0 10. e5 f6 11. Qe2 Nf5 12. exf6 Bxf6 13. Qd1 Nfd4 14. Ne2 Nxf3+ 15. Bxf3 Qd6 16. c3 e5 17. Bg2 Bg4 18. h3 Be6 19. g4 Bg7 20. fxe5 Bxe5 21. Bh6 Bg7 22. Bxg7 Kxg7 23. Qd2 Ne5 24. Nf4 Bd7 25. b3 d4 26. cxd4 Qxd4+ 27. Qf2 Rxf4 28. Qxd4 Rxd4 29. Bxb7 Ra7 30. Rae1 Rxb7 31. Rxe5 Bc6 32. Rxc5 Bd5 33. b4 Rxd3 34. Kh2 Rxb4 35. Rf2 Rb1 36. Rxd5 Rxd5 37. Kg3 g5 38. a5 Rb3+ 39. Kg2 Rdd3 40. h4 Rg3+ 41. Kh1 gxh4 42. g5 0-1